<?xml version="1.0" encoding="UTF-8"?>
<record
    xmlns:xsi="http://www.w3.org/2001/XMLSchema-instance"
    xsi:schemaLocation="http://www.loc.gov/MARC21/slim http://www.loc.gov/standards/marcxml/schema/MARC21slim.xsd"
    xmlns="http://www.loc.gov/MARC21/slim">

  <leader>00716nam a22001817a 4500</leader>
  <controlfield tag="005">20240816112344.0</controlfield>
  <datafield tag="010" ind1=" " ind2=" ">
    <subfield code="a">HIN-128181</subfield>
  </datafield>
  <datafield tag="020" ind1=" " ind2=" ">
    <subfield code="a">9788119057689</subfield>
    <subfield code="c">225.00</subfield>
  </datafield>
  <datafield tag="035" ind1=" " ind2=" ">
    <subfield code="a">HN-100527</subfield>
  </datafield>
  <datafield tag="037" ind1=" " ind2=" ">
    <subfield code="b">DBAD</subfield>
  </datafield>
  <datafield tag="082" ind1=" " ind2=" ">
    <subfield code="a">821</subfield>
  </datafield>
  <datafield tag="100" ind1=" " ind2=" ">
    <subfield code="a">&#x915;&#x94D;&#x935;&#x93E;&#x924;&#x94D;&#x930;&#x93E;, &#x905;&#x902;&#x91C;&#x942;</subfield>
    <subfield code="9">70100</subfield>
  </datafield>
  <datafield tag="245" ind1=" " ind2=" ">
    <subfield code="a">&#x924;&#x92A;&#x93F;&#x936;... &#x91C;&#x940;&#x935;&#x928; &#x915;&#x940; /</subfield>
    <subfield code="c">&#x905;&#x902;&#x91C;&#x942; &#x915;&#x94D;&#x935;&#x93E;&#x924;&#x94D;&#x930;&#x93E;</subfield>
  </datafield>
  <datafield tag="260" ind1=" " ind2=" ">
    <subfield code="a">&#x928;&#x908; &#x926;&#x93F;&#x932;&#x94D;&#x932;&#x940;</subfield>
    <subfield code="b">&#x92B;&#x94D;&#x932;&#x94B;&#x930;&#x947;&#x902;&#x91F; &#x92A;&#x92C;&#x94D;&#x932;&#x93F;&#x915;&#x947;&#x936;&#x928; </subfield>
    <subfield code="c">2023</subfield>
  </datafield>
  <datafield tag="270" ind1=" " ind2=" ">
    <subfield code="b">&#x928;&#x908; &#x926;&#x93F;&#x932;&#x94D;&#x932;&#x940;</subfield>
    <subfield code="k">8851941583</subfield>
    <subfield code="k">9718546120</subfield>
    <subfield code="m">info.florentpub@gmail.com</subfield>
  </datafield>
  <datafield tag="300" ind1=" " ind2=" ">
    <subfield code="a">134&#x92A;&#x943;.</subfield>
    <subfield code="c">20&#x938;&#x947;&#x92E;&#x940;. (&#x905;&#x91C;&#x93F;&#x932;&#x94D;&#x926;)</subfield>
  </datafield>
  <datafield tag="942" ind1=" " ind2=" ">
    <subfield code="2">ddc</subfield>
    <subfield code="c">HN</subfield>
    <subfield code="h">821</subfield>
    <subfield code="m">&#x915;&#x94D;&#x935;&#x93E;&#x924;&#x94D;&#x930;&#x93E;&#x905;&#x902;</subfield>
  </datafield>
  <datafield tag="999" ind1=" " ind2=" ">
    <subfield code="c">205023</subfield>
    <subfield code="d">205023</subfield>
  </datafield>
  <datafield tag="952" ind1=" " ind2=" ">
    <subfield code="0">0</subfield>
    <subfield code="1">0</subfield>
    <subfield code="4">0</subfield>
    <subfield code="7">0</subfield>
    <subfield code="8">NFIC</subfield>
    <subfield code="a">BL1</subfield>
    <subfield code="b">BL1</subfield>
    <subfield code="d">2024-08-14</subfield>
    <subfield code="e">DBAD</subfield>
    <subfield code="g">225.00</subfield>
    <subfield code="l">0</subfield>
    <subfield code="o">821 &#x915;&#x94D;&#x935;&#x93E;&#x924;&#x94D;&#x930;&#x93E;&#x905;&#x902;</subfield>
    <subfield code="p">HN-100527</subfield>
    <subfield code="r">2024-08-14 00:00:00</subfield>
    <subfield code="t">1</subfield>
    <subfield code="v">225.00</subfield>
    <subfield code="w">2024-08-14</subfield>
    <subfield code="y">HN</subfield>
  </datafield>
</record>
